Pollyanna /

Saved in:
Bibliographic Details
Format: Book
Published: Mihirigama : Ashirwada publishers, 2025.
Tags: Add Tag
No Tags, Be the first to tag this record!

MARC

LEADER 00000nam a2200000 4500
003 LK-CoNLD
005 20260129121353.0
008 260129b |||||||| |||| 00| 0 ||| d
015 |2 slnb 
017 |b LK-CoDNA 
020 |a 9789556975550 
040 |a LK-CoNLD  |b ENG  |c LK-CoNLD  |d LK-CoNLD 
082 |2 23  |q LK-CoNLD 
245 |a Pollyanna /  |c Eleanor H. Porter. 
260 |a Mihirigama :  |b Ashirwada publishers,  |c 2025. 
300 |a 148 p. : ill. ;  |b Ad-Bc : Rs. 750.00  |c 21 cm. 
942 |c BOOK 
999 |c 297159  |d 297159 
945 |a 14  |b Mahinda MIHINDUKULASOORIYA  |c 14  |d Mahinda MIHINDUKULASOORIYA